| 000 | 00461nam a2200181Ia 4500 | ||
|---|---|---|---|
| 005 | 20250423094436.0 | ||
| 008 | 250422s9999 xx 000 0 und d | ||
| 020 | _a0-471-04334-6 | ||
| 050 | _aQA 76.9.C65 .S384/ | ||
| 100 | _aThomas J. Schriber | ||
| 245 | 3 | _aAn Introduction to simulation Using GPSS/H | |
| 260 | _aNew York | ||
| 260 | _bJohn Wiley & Sons | ||
| 260 | _c1991 | ||
| 300 | _a437 p | ||
| 650 | _aDigital Computer Simulation | ||
| 942 | _cBK | ||
| 999 |
_c27252 _d27252 |
||